000 00263nam a22001217a 4500
008 170905b xxu||||| |||| 00| 0 eng d
041 _aalb
080 _a615
100 _a05
101 _aMK
245 _aBAZAT E FARMAKOTERAPISË
_cISLAMI,H.I
942 _2udc
_cBK
999 _c26121
_d26121